000 00641nam a2200241Ia 4500
003 OSt
005 20221007100807.0
006 a|||||r|||| 00| 0
007 ta
008 221006b |||||||| |||| 00| 0 eng d
024 _a5,165
037 _cTextual
040 _aLCO
_cLCO
_beng
041 _2eng
_aeng
082 _aV2:47, L1
100 _aREVANKAR R G
_9702113
245 0 _aIndian constitution and case study of backward classes
260 _aNew
_bJersey N.J.University press.
_c1971
300 _a361
650 _aCONSTITUTION
942 _hV2:47, L1
_cTEXL
999 _c1174728
_d1174728